000 00547nam a2200193Ia 4500
003 GCL
008 140319s9999 xx 000 0 eng d
040 _aGCL /
_cGCL
082 0 4 _a616.8900
_bR T
100 1 _aROSENBERY, MARRIS
245 1 0 _aTHE UNREAD MIND: UNRAVELING THE MGSTERY OF MADNESS /
_cROSENBERY, MARRIS
260 _a[S.N] :
_bLEXINGTON BOOKS ،
_c1991
300 _a125
650 0 4 _aPSYCHOLOGICAL - PATHOLOGICAL - PHILOSOPHY
650 0 4 _aROLE PLAYING
650 0 4 _aMENTAL ILLNESS
650 0 4 _aSOCIAL ROLE
942 _2ddc
_cBK
999 _c21503
_d21503